[Event "Chess Classics"]
[Site "Frankfurt"]
[Date "1997.??.??"]
[Round "6"]
[White "Lobron, Eric"]
[Black "Karpov, Anatoly"]
[Result "0-1"]
[WhiteElo "2570"]
[BlackElo "2760"]
[PlyCount "60"]
[EventDate "1997.06.26"]
[Source "ChessBase"]
[SourceDate "1997.07.29"]

1. d4 Nf6 2. Nf3 e6 3. e3 c5 4. Bd3 cxd4 5. exd4 Be7 6. O-O O-O 7. c4 d5 8. b3 b6 9. Nbd2 Bb7 10. Bb2 Ne4 11. Ne5 Nxd2 12. Qxd2 Nd7 13. f4 Rc8 14. Rae1 Rc7 15. Qe2 g6 16. Qe3 Nf6 17. f5 exf5 18. Bxf5 gxf5 19. Qg5+ Kh8 20. Rxf5 Bc8 21. Rf4 Ng4 22. Qh5 Nxe5 23. Rxe5 f6 24. Rh4 Bb4 25. cxd5 Rg7 26. Re2 Rfg8 27. h3 Bb7 28. a3 Qxd5 29. axb4 Qxh5 30. Rxh5 Rxg2+ 0-1

[Event "Bundesliga"]
[Site "?"]
[Date "2001.??.??"]
[Round "?"]
[White "Rogozenko, D."]
[Black "Rozentalis, E."]
[Result "1/2-1/2"]
[WhiteElo "2525"]
[BlackElo "2630"]
[PlyCount "50"]
[EventDate "2001.??.??"]
[Source "www.chesslib.no"]
[SourceDate "2004.05.04"]

1. d4 Nf6 2. Nf3 e6 3. e3 d6 4. Bd3 Nbd7 5. c4 g6 6. O-O Bg7 7. Nc3 O-O 8. Rb1 e5 9. b4 Re8 10. Bc2 exd4 11. exd4 Nb6 12. Bd3 Be6 13. Nd2 Bd7 14. Qc2 Nh5 15. d5 Bf5 16. Bxf5 gxf5 17. Nb5 Re7 18. Bb2 Bf6 19. Nf3 Nxc4 20. Nbd4 Ng7 21. Ba1 Re4 22. g3 Nb6 23. Rfd1 a5 24. bxa5 Rxa5 25. Nb5 Nd7 1/2-1/2

[Event "Manresa"]
[Site "?"]
[Date "1996.??.??"]
[Round "?"]
[White "Arencibia, W."]
[Black "Psakhis, L."]
[Result "1/2-1/2"]
[WhiteElo "2555"]
[BlackElo "2590"]
[PlyCount "38"]
[EventDate "1996.??.??"]
[Source "ChessBase"]
[SourceDate "1996.06.01"]

1. d4 Nf6 2. Nf3 e6 3. e3 b6 4. Nbd2 Bb7 5. c3 c5 6. Bd3 Nc6 7. O-O Be7 8. e4 cxd4 9. cxd4 Nb4 10. Bb1 Ba6 11. Re1 Nd3 12. Bxd3 Bxd3 13. d5 Qc8 14. Nd4 O-O 15. Qb3 Ba6 16. N2f3 Re8 17. d6 Bd8 18. Bg5 Qb7 19. Qa3 Rc8 1/2-1/2

[Event "Open International de Corse - Bastia"]
[Site "Bastia"]
[Date "2004.10.30"]
[Round "4.4"]
[White "Rustemov, Alexander"]
[Black "Li Shilong"]
[Result "1-0"]
[WhiteElo "2602"]
[BlackElo "2526"]
[PlyCount "49"]
[EventDate "2004.10.29"]
[Source "Roberto Alvarez"]
[SourceDate "2004.11.08"]

1. d4 Nf6 2. Nf3 e6 3. e3 c5 4. a3 b6 5. c4 d6 6. Nc3 Be7 7. d5 O-O 8. e4 exd5 9. cxd5 Bg4 10. Be2 Bxf3 11. Bxf3 Nbd7 12. Be2 a6 13. a4 Ne8 14. O-O Bf6 15. f4 Bd4+ 16. Kh1 Nc7 17. Bd3 Re8 18. Qf3 Qh4 19. e5 dxe5 20. d6 Ne6 21. f5 Nef8 22. Ne4 h6 23. g3 Qd8 24. Bxh6 Kh7 25. Qg4 1-0

[Event "Haninge"]
[Site "Haninge"]
[Date "1989.??.??"]
[Round "?"]
[White "Smyslov, Vassily"]
[Black "Van der Wiel, John TH"]
[Result "1/2-1/2"]
[WhiteElo "2560"]
[BlackElo "2560"]
[PlyCount "52"]
[EventDate "1989.05.??"]
[Source "ChessBase"]

1. Nf3 Nf6 2. d4 e6 3. e3 c5 4. Bd3 Nc6 5. b3 Be7 6. O-O O-O 7. Bb2 cxd4 8. exd4 d5 9. Nbd2 Qb6 10. c4 dxc4 11. Nxc4 Qd8 12. Rc1 Bd7 13. a3 Rc8 14. Ne3 Nb8 15. Rxc8 Bxc8 16. Qc2 Bd7 17. Rc1 Nc6 18. b4 a6 19. Rd1 h6 20. h3 Qc8 21. Qe2 Rd8 22. Bc4 Bf8 23. Ba2 Ne7 24. Rc1 Qb8 25. Ne5 Be8 26. Bb1 Rc8 1/2-1/2

[Event "MESA"]
[Site "MESA"]
[Date "1992.??.??"]
[Round "?"]
[White "Franco Ocampos, Zenon"]
[Black "Korchnoi, Viktor L"]
[Result "1/2-1/2"]
[WhiteElo "2520"]
[BlackElo "2585"]
[PlyCount "75"]
[EventDate "1992.??.??"]
[Source "www.chesslib.no"]
[SourceDate "2004.05.04"]

1. d4 Nf6 2. Nf3 e6 3. e3 c5 4. Bd3 Nc6 5. O-O Be7 6. dxc5 Bxc5 7. a3 Be7 8. c4 d6 9. Nc3 O-O 10. b3 b6 11. Bb2 Bb7 12. Bc2 Ne5 13. Nd4 Nc6 14. Nxc6 Bxc6 15. Qd3 Re8 16. e4 a6 17. a4 Bb7 18. f4 e5 19. Nd5 b5 20. fxe5 dxe5 21. Bxe5 Bc5+ 22. Bd4 bxc4 23. bxc4 Bxd5 24. exd5 Qb6 25. Rad1 Rac8 26. Rxf6 Bxd4+ 27. Qxd4 Qxf6 28. Qxf6 gxf6 29. Rd4 Re5 30. g4 h5 31. h3 hxg4 32. hxg4 Rb8 33. Kf1 Kf8 34. c5 Rd8 35. Bb3 Ke7 36. Rb4 Rexd5 37. Bxd5 Rxd5 38. Rb7+ 1/2-1/2

[Event "Santa Clara"]
[Site "Santa Clara"]
[Date "1991.??.??"]
[Round "12"]
[White "Nogueiras, Jesus"]
[Black "Ulibin, Mikhail"]
[Result "1/2-1/2"]
[WhiteElo "2535"]
[BlackElo "2565"]
[PlyCount "44"]
[EventDate "1991.02.??"]
[Source "ChessBase"]

1. d4 e6 2. Nf3 Nf6 3. e3 c5 4. Bd3 Be7 5. O-O O-O 6. c3 d5 7. Nbd2 b6 8. Qe2 Bb7 9. Ne5 Qc8 10. b3 cxd4 11. cxd4 Ba6 12. Bb2 Bxd3 13. Qxd3 Qa6 14. Rfc1 Qxd3 15. Nxd3 Na6 16. a3 Rfc8 17. f3 Nc7 18. Kf2 Kf8 19. Ke2 Ke8 20. g4 Nd7 21. h3 a5 22. a4 Na6 1/2-1/2

[Event "Geneve op"]
[Site "Geneve"]
[Date "1999.01.28"]
[Round "6"]
[White "Dizdar, Goran"]
[Black "Miezis, Normunds"]
[Result "0-1"]
[WhiteElo "2563"]
[BlackElo "2525"]
[PlyCount "58"]
[EventDate "1999.01.23"]
[Source "ChessBase"]
[SourceDate "1999.03.01"]

1. d4 Nf6 2. Nf3 e6 3. e3 c5 4. Bd3 Qc7 5. c4 cxd4 6. exd4 Bb4+ 7. Bd2 Bxd2+ 8. Qxd2 b6 9. Nc3 Ba6 10. Rc1 Nc6 11. O-O O-O 12. Rfe1 Ne7 13. d5 Ng6 14. Ne4 Bb7 15. Nd4 Qf4 16. Qd1 exd5 17. g3 Qe5 18. Nf3 Qxb2 19. Rb1 Qa3 20. Nxf6+ gxf6 21. Rb3 Qa5 22. Bb1 Qa4 23. c5 Rfe8 24. Rxe8+ Rxe8 25. cxb6 axb6 26. Nd4 Ba6 27. Kg2 Bc4 28. Re3 Qxd1 29. Rxe8+ Nf8 0-1

[Event "Vinkovci"]
[Site "Vinkovci"]
[Date "1993.??.??"]
[Round "?"]
[White "Hulak, Krunoslav"]
[Black "Farago, Ivan"]
[Result "1-0"]
[WhiteElo "2535"]
[BlackElo "2540"]
[PlyCount "47"]
[EventDate "1993.12.??"]
[Source "ChessBase"]

1. d4 Nf6 2. Nf3 e6 3. e3 c5 4. Bd3 Nc6 5. O-O b6 6. c4 Bb7 7. Nc3 cxd4 8. exd4 d5 9. Ne5 dxc4 10. Bxc4 Bd6 11. Qa4 Rc8 12. Bb5 Qc7 13. Nxc6 Bxc6 14. d5 Nxd5 15. Nxd5 exd5 16. Re1+ Kf8 17. Bd2 a5 18. Rac1 Bc5 19. a3 f6 20. Bxc6 Qxc6 21. Qg4 h5 22. Qf5 a4 23. Re6 Qb7 24. Rxb6 1-0

[Event "Bergen"]
[Site "?"]
[Date "1999.??.??"]
[Round "1"]
[White "Jussupow Artur (GER)"]
[Black "Fyllingen Roy Harald"]
[Result "1-0"]
[WhiteElo "2640"]
[BlackElo "2425"]
[PlyCount "105"]
[EventDate "1999.??.??"]
[Source "www.chesslib.no"]
[SourceDate "2004.05.04"]

1. d4 Nf6 2. Nf3 e6 3. e3 c5 4. Bd3 Nc6 5. O-O a6 6. b3 b5 7. a4 b4 8. Bb2 Bb7 9. Nbd2 cxd4 10. exd4 Nd5 11. Re1 Be7 12. Ne5 O-O 13. Ndc4 f5 14. Be2 Qc7 15. a5 Bf6 16. Bf3 Nce7 17. Qd2 Rab8 18. Nd3 Bc6 19. Nce5 Bb5 20. Nc5 Qc8 21. Nc4 Qc7 22. g3 Nc3 23. Nb6 Qd6 24. Rad1 Nxd1 25. Rxd1 Nd5 26. Bxd5 exd5 27. Qxb4 f4 28. Nxa6 Qc6 29. Nxb8 Qxc2 30. Qd2 Qxd2 31. Rxd2 Rxb8 32. Nxd5 fxg3 33. Nxf6+ gxf6 34. hxg3 Ba6 35. d5 Kf7 36. Bd4 Rxb3 37. Bb6 Rd3 38. Rxd3 Bxd3 39. d6 Ke6 40. Bc7 Ke5 41. Kg2 f5 42. Kh3 Ke4 43. Kh4 f4 44. gxf4 Kxf4 45. Kh5 Kf5 46. Bd8 Ke5 47. Be7 Ke6 48. Kg5 Ke5 49. f3 Ke6 50. f4 Bc4 51. f5+ Kf7 52. Bd8 Bd3 53. Kf4 1-0

[Event "Puebla Memorial A"]
[Site "?"]
[Date "1999.??.??"]
[Round "?"]
[White "Pecot Laurent"]
[Black "Kempen Heinz Erich van"]
[Result "1-0"]
[WhiteElo "2510"]
[BlackElo "2545"]
[PlyCount "99"]
[EventDate "1999.??.??"]
[Source "www.chesslib.no"]
[SourceDate "2004.05.04"]

1. d4 Nf6 2. Nf3 e6 3. e3 c5 4. Bd3 cxd4 5. exd4 Be7 6. O-O O-O 7. Nbd2 b6 8. Qe2 Bb7 9. c4 d5 10. b3 Nc6 11. Bb2 Rc8 12. Rac1 Qd6 13. Rfd1 Qf4 14. a3 Rfd8 15. Bb1 Bd6 16. c5 bxc5 17. dxc5 Bc7 18. b4 a6 19. Bd3 Ra8 20. g3 Qh6 21. h4 Qh5 22. Re1 Re8 23. Ne5 Qxe2 24. Rxe2 Bxe5 25. Bxe5 Nd7 26. Nf3 Ndxe5 27. Nxe5 Nd4 28. Rb2 Re7 29. Kg2 Rc7 30. a4 Rac8 31. Nf3 Nxf3 32. Kxf3 g6 33. Ke3 e5 34. Rbc2 Kf8 35. b5 Rb8 36. b6 Rc6 37. f4 f6 38. fxe5 fxe5 39. Rf2+ Kg7 40. Bf1 Rbc8 41. Bh3 Rxb6 42. cxb6 Rxc1 43. Be6 Bc6 44. Rf7+ Kh8 45. Rc7 d4+ 46. Kd2 Rc3 47. Bd7 Be4 48. Rxc3 dxc3+ 49. Kxc3 Bb7 50. Kc4 1-0

[Event "Balatonlelle HUN"]
[Site "?"]
[Date "2006.06.24"]
[Round "8.2"]
[White "Czebe Attila"]
[Black "Sax Gyula"]
[Result "1/2-1/2"]
[WhiteElo "2505"]
[BlackElo "2535"]
[PlyCount "20"]
[EventDate "2006.??.??"]
[Source "www.chesslib.no"]
[SourceDate "2004.05.04"]

1. d4 Nf6 2. Nf3 e6 3. e3 c5 4. Bd3 Nc6 5. O-O Be7 6. b3 O-O 7. Bb2 b6 8. c4 cxd4 9. exd4 d5 10. Nbd2 Bb7 1/2-1/2

[Event "Czerniak mem Bikurei Haitim"]
[Site "Tel Aviv"]
[Date "1997.??.??"]
[Round "7"]
[White "Avrukh, Boris"]
[Black "Kogan, Artur"]
[Result "1/2-1/2"]
[WhiteElo "2520"]
[BlackElo "2515"]
[PlyCount "99"]
[EventDate "1997.04.04"]
[Source "ChessBase"]
[SourceDate "1997.08.01"]

1. d4 Nf6 2. Nf3 e6 3. e3 c5 4. c4 a6 5. Nbd2 Nc6 6. b3 cxd4 7. exd4 d5 8. Bb2 g6 9. Bd3 Bg7 10. O-O O-O 11. Re1 Bd7 12. Rc1 dxc4 13. bxc4 b5 14. Ne5 Nb4 15. Bf1 bxc4 16. Bxc4 Nbd5 17. Ba3 Re8 18. Qf3 Bb5 19. Bc5 Rc8 20. Ne4 Bxc4 21. Rxc4 Qa5 22. Rec1 Rc7 23. Nd6 Rb8 24. a3 Qd2 25. g3 Bf8 26. R4c2 Qg5 27. h4 Qh5 28. Qxh5 Nxh5 29. Ne4 Bh6 30. Re1 Nhf6 31. Nxf6+ Nxf6 32. Rc4 Nd5 33. Re2 Bg7 34. Nd3 a5 35. Rb2 Rxb2 36. Nxb2 h6 37. Nd3 Rb7 38. Bd6 g5 39. hxg5 hxg5 40. Ne5 Kh7 41. Rc5 a4 42. Ra5 Nc3 43. Kg2 Rb2 44. Nxf7 Ne4 45. Kf3 Nxd6 46. Nxd6 Rb3+ 47. Kg4 Rxa3 48. Kh5 Bxd4 49. Nb5 Rd3 50. Nxd4 1/2-1/2

[Event "Arandjelovac"]
[Site "Arandjelovac"]
[Date "1993.??.??"]
[Round "8"]
[White "Cvetkovic, Srdjan"]
[Black "Cabrilo, Goran"]
[Result "1/2-1/2"]
[WhiteElo "2500"]
[BlackElo "2530"]
[PlyCount "111"]
[EventDate "1993.04.??"]
[Source "ChessBase"]

1. d4 Nf6 2. Nf3 e6 3. e3 c5 4. Be2 b6 5. O-O Bb7 6. c4 Be7 7. Nc3 cxd4 8. Nxd4 O-O 9. b3 a6 10. Bb2 d6 11. Bf3 Ra7 12. Bxb7 Rxb7 13. Qf3 Qc8 14. Rfd1 Rc7 15. Ne4 Rd8 16. Ne2 Nxe4 17. Qxe4 Nd7 18. Ng3 Nf6 19. Qf3 b5 20. cxb5 axb5 21. Ne4 Ne8 22. a4 bxa4 23. bxa4 d5 24. Ng3 Qa6 25. e4 Rc2 26. Qb3 Qc4 27. Qxc4 dxc4 28. Bd4 c3 29. Nf1 h6 30. a5 Re2 31. a6 c2 32. Rdc1 Rxd4 33. a7 Nc7 34. a8=Q+ Nxa8 35. Rxa8+ Bf8 36. Rc8 Rdxe4 37. R8xc2 Rxc2 38. Rxc2 g5 39. f3 Re5 40. g4 Kg7 41. Kg2 Bc5 42. Ng3 Rd5 43. Ne4 Be3 44. Re2 Bf4 45. Ng3 Kg6 46. Ne4 Rb5 47. Ng3 Rb6 48. h3 Rb4 49. Rc2 Bxg3 50. Kxg3 h5 51. gxh5+ Kxh5 52. Rc8 Kg6 53. Rg8+ Kf5 54. Rf8 f6 55. Ra8 Rb3 56. Ra4 1/2-1/2

[Event "XXII Rapid"]
[Site "Villarrobledo SPA"]
[Date "2007.08.04"]
[Round "2"]
[White "Gonzalez de la Nava, A."]
[Black "Shirov, A."]
[Result "1/2-1/2"]
[WhiteElo "2294"]
[BlackElo "2735"]
[PlyCount "71"]
[EventDate "2007.08.04"]
[Source "www.chesslib.no"]
[SourceDate "2004.05.04"]

1. d4 Nf6 2. Nf3 e6 3. e3 c5 4. Bd3 Nc6 5. O-O d5 6. c4 dxc4 7. Bxc4 a6 8. a4 Qc7 9. Nc3 Be7 10. b3 O-O 11. dxc5 Bxc5 12. Bb2 b6 13. Rc1 Bb7 14. Qc2 Rfd8 15. Rfd1 Qe7 16. Rxd8+ Rxd8 17. Rd1 Nb4 18. Qe2 Rxd1+ 19. Qxd1 Ne8 20. Bf1 Nd6 21. Ne5 f6 22. Nd3 Nxd3 23. Bxd3 Nf7 24. Be4 Bb4 25. Bxb7 Qxb7 26. Qd4 Bc5 27. Qd3 a5 28. h3 Bb4 29. Nb5 Qc6 30. Nd4 Qd5 31. Qb5 Qxb5 32. Nxb5 e5 33. Kf1 Kf8 34. Ke2 Ke7 35. Kd3 Nd6 36. Bc1 1/2-1/2

[Event "Tch-SWE 2002-3"]
[Site "Sweden"]
[Date "2003.03.16"]
[Round "11"]
[White "Djurhuus, Rune"]
[Black "Wedberg, Tom"]
[Result "1/2-1/2"]
[WhiteElo "2479"]
[BlackElo "2530"]
[PlyCount "138"]
[EventDate "2003.01.01"]
[Source "Roberto Alvarez"]
[SourceDate "2003.03.17"]

1. d4 Nf6 2. Nf3 e6 3. e3 c5 4. Bd3 Nc6 5. O-O Be7 6. b3 b6 7. Bb2 cxd4 8. exd4 O-O 9. c4 d5 10. Nbd2 Bb7 11. Rc1 Rc8 12. a3 a5 13. Re1 Re8 14. Bb1 g6 15. Nf1 Bf8 16. Qd2 Bg7 17. c5 Ne4 18. Qc2 Qe7 19. Ne3 Red8 20. Nd1 Bh6 21. Ne3 Bg7 22. Nd1 Ng5 23. Ne5 Nxe5 24. dxe5 Rxc5 25. Qd3 Ne4 26. Ne3 Rxc1 27. Rxc1 d4 28. Nc4 Qg5 29. Qf1 Nc3 30. Bxc3 dxc3 31. f4 Qe7 32. Nd6 f6 33. Nxb7 Qxb7 34. Rxc3 fxe5 35. fxe5 Bxe5 36. Rd3 Bd4+ 37. Kh1 Qe7 38. Qe1 e5 39. b4 axb4 40. Qxb4 Qxb4 41. axb4 e4 42. Rd1 e3 43. Bd3 Rc8 44. g3 Kg7 45. Kg2 Kf6 46. Be2 Ke5 47. b5 Rc2 48. Kf3 g5 49. g4 h5 50. h3 h4 51. Rb1 Bc5 52. Ra1 Rb2 53. Rd1 Rb4 54. Kg2 Kf4 55. Rf1+ Ke4 56. Bf3+ Kd3 57. Rd1+ Kc2 58. Rd5 Rxb5 59. Be2 Rb4 60. Rxg5 Kd2 61. Kf3 Rd4 62. Rg7 Rd8 63. Rf7 Ke1 64. g5 Rg8 65. Rf5 Rg7 66. Bb5 Re7 67. Be2 Rg7 68. Bb5 Re7 69. Be2 Rg7 1/2-1/2

[Event "Balkaniad"]
[Site "Kavala"]
[Date "1990.??.??"]
[Round "1"]
[White "Kovacevic, Vlatko"]
[Black "Ermenkov, Evgenij"]
[Result "1/2-1/2"]
[WhiteElo "2530"]
[BlackElo "2465"]
[PlyCount "85"]
[EventDate "1990.10.??"]
[Source "ChessBase"]

1. d4 Nf6 2. Nf3 e6 3. e3 g6 4. Bd3 Bg7 5. O-O O-O 6. e4 d6 7. Qe2 Nc6 8. c3 Re8 9. e5 Nd7 10. Bg5 f6 11. exf6 Bxf6 12. Bxf6 Nxf6 13. Nbd2 e5 14. dxe5 Nxe5 15. Nxe5 Rxe5 16. Qd1 Kg7 17. Qc2 Bd7 18. Rfe1 Rxe1+ 19. Rxe1 Bc6 20. Nb3 Qd7 21. Nd4 Re8 22. Rxe8 Qxe8 23. Nxc6 Qxc6 24. Qe2 Kf7 25. g3 Qb6 26. h4 d5 27. Kg2 Qd6 28. f4 c5 29. f5 gxf5 30. Bxf5 d4 31. Qf3 Qb6 32. b3 dxc3 33. Qxc3 h5 34. Qc4+ Ke7 35. Qf4 Qd6 36. Qf3 Qd2+ 37. Kf1 Nd5 38. Kg1 Ne3 39. Bh3 Qe1+ 40. Kh2 Qd2+ 41. Kg1 Qe1+ 42. Kh2 Qd2+ 43. Kg1 1/2-1/2

[Event "Malmo"]
[Site "Malmo SWE"]
[Date "1987.??.??"]
[Round "?"]
[White "Garcia Palermo, Carlos H"]
[Black "Wedberg, Tom"]
[Result "1-0"]
[WhiteElo "2520"]
[BlackElo "2475"]
[PlyCount "77"]
[EventDate "1987.12.??"]
[Source "www.chesslib.no"]
[SourceDate "2004.05.04"]

1. d4 Nf6 2. Nf3 e6 3. e3 c5 4. Bd3 Nc6 5. O-O b6 6. c3 Bb7 7. Nbd2 cxd4 8. exd4 Be7 9. Re1 O-O 10. Ne4 d6 11. Qc2 g6 12. Bh6 Re8 13. Rad1 Rc8 14. Qe2 Nb8 15. Nxf6+ Bxf6 16. Bb5 Re7 17. Ne5 Bh8 18. Ng4 a6 19. Ba4 f6 20. Bb3 d5 21. Rd3 Qd6 22. Qf3 Nd7 23. Bf4 Qc6 24. Qg3 Bg7 25. h4 Rce8 26. Bh6 Bxh6 27. Nxh6+ Kh8 28. Rde3 e5 29. dxe5 fxe5 30. Rd1 d4 31. cxd4 exd4 32. Nf7+ Kg7 33. Rxe7 Rxe7 34. Nd6 Kh8 35. Nxb7 Qxb7 36. Rxd4 Qc6 37. Rc4 Qf6 38. Rc8+ Nf8 39. Qc3 1-0

[Event "ADCF Masters"]
[Site "Abu Dhabi"]
[Date "2003.08.24"]
[Round "8"]
[White "Adly, Ahmed"]
[Black "Neverov, Valeriy"]
[Result "1/2-1/2"]
[WhiteElo "2429"]
[BlackElo "2566"]
[PlyCount "130"]
[EventDate "2003.08.16"]
[Source "Roberto Alvarez"]
[SourceDate "2003.09.01"]

1. d4 Nf6 2. Nf3 e6 3. e3 b6 4. b3 Bb7 5. Bb2 c5 6. Nbd2 Nc6 7. a3 d5 8. Bd3 Bd6 9. Ne5 Qc7 10. f4 a6 11. O-O Ne7 12. Rc1 Rc8 13. Qe2 b5 14. c4 bxc4 15. bxc4 Qb6 16. Rb1 Qa7 17. Nb3 O-O 18. dxc5 Bxc5 19. Nxc5 Qxc5 20. Bd4 Qc7 21. c5 Ne4 22. Rfc1 f6 23. c6 Bxc6 24. Nxc6 Nxc6 25. Bb6 Qd7 26. Bxa6 Rb8 27. Qc2 Ne7 28. a4 Nf5 29. a5 Nfd6 30. Qd3 Ra8 31. Rc7 Qa4 32. Rbc1 Rf7 33. R7c6 h6 34. h3 Qa2 35. Qe2 Qa4 36. Bd3 Re7 37. Qg4 Qa3 38. Rc7 Rae8 39. Be2 Nc4 40. R1xc4 dxc4 41. Rxc4 Qa1+ 42. Kh2 Nd2 43. Rc6 Nf1+ 44. Bxf1 Qxf1 45. Bc5 f5 46. Qg6 Qb5 47. Bxe7 Qxc6 48. Bf6 Qd7 49. Bxg7 Qf7 50. Qxf7+ Kxf7 51. Bd4 Ra8 52. Bb6 h5 53. Kg3 Rg8+ 54. Kf3 Ra8 55. g4 hxg4+ 56. hxg4 fxg4+ 57. Kxg4 Ke7 58. Kf3 Kd6 59. Ke4 Ra6 60. Kd4 Ra8 61. Ke4 Ra6 62. Kf3 Ra8 63. e4 Kc6 64. Ke3 Rf8 65. Kf3 Rg8 1/2-1/2

[Event "Velden Open"]
[Site "Velden GER"]
[Date "1995.??.??"]
[Round "5"]
[White "Danner, Georg"]
[Black "Wahls, Matthias"]
[Result "1/2-1/2"]
[WhiteElo "2440"]
[BlackElo "2555"]
[PlyCount "70"]
[EventDate "1995.06.??"]
[Source "www.chesslib.no"]
[SourceDate "2004.05.04"]

1. d4 Nf6 2. Nf3 e6 3. e3 c5 4. Bd3 b6 5. Nbd2 Bb7 6. O-O cxd4 7. exd4 Be7 8. Qe2 O-O 9. Ne4 Nxe4 10. Bxe4 Bxe4 11. Qxe4 d5 12. Qg4 Nd7 13. Bh6 Bf6 14. Rfe1 b5 15. Re3 Qe7 16. h4 Rfc8 17. c3 b4 18. cxb4 Qxb4 19. Rb3 Qc4 20. Bg5 Ne5 21. Nxe5 Bxe5 22. Be3 Bf6 23. h5 h6 24. Rd1 Kh7 25. Rb7 Rc7 26. b3 Qc6 27. Rxc7 Qxc7 28. Rc1 Qb7 29. Qe2 Rc8 30. Rc5 Rxc5 31. dxc5 Kg8 32. Qc2 Qc6 33. b4 d4 34. Bd2 a6 35. f3 e5 1/2-1/2

[Event "ROM-chT"]
[Site "?"]
[Date "1998.??.??"]
[Round "3"]
[White "Negulescu Adrian"]
[Black "Marin Mihail"]
[Result "1/2-1/2"]
[WhiteElo "2445"]
[BlackElo "2545"]
[PlyCount "50"]
[EventDate "1998.??.??"]
[Source "www.chesslib.no"]
[SourceDate "2004.05.04"]

1. d4 Nf6 2. Nf3 e6 3. e3 b6 4. Be2 Bb7 5. O-O Be7 6. c4 c5 7. Nc3 cxd4 8. Nxd4 O-O 9. Bf3 Qc8 10. Bxb7 Qxb7 11. b3 Rc8 12. Bb2 a6 13. Qf3 Qxf3 14. Nxf3 Nc6 15. Rfd1 d6 16. Rab1 Rab8 17. a4 Kf8 18. Nd4 Nxd4 19. Rxd4 Rc6 20. Rdd1 Nd7 21. Ne2 Nc5 22. Nd4 Rc7 23. Ba3 g6 24. f3 Rd8 25. Bb4 Ke8 1/2-1/2

[Event "Metz op 18th"]
[Site "Metz"]
[Date "2000.04.17"]
[Round "3"]
[White "Lerner, Konstantin Z"]
[Black "Handke, Florian"]
[Result "0-1"]
[WhiteElo "2575"]
[BlackElo "2413"]
[PlyCount "128"]
[EventDate "2000.04.15"]
[Source "ChessBase"]
[SourceDate "2000.05.11"]

1. d4 Nf6 2. Nf3 e6 3. e3 g6 4. Bd3 Bg7 5. O-O O-O 6. e4 d6 7. Re1 c5 8. dxc5 dxc5 9. e5 Nd5 10. Bg5 Qc7 11. Bh4 c4 12. Be4 Nc6 13. Bg3 Qb6 14. Nbd2 Qxb2 15. Nxc4 Qc3 16. Nd6 Qc5 17. c4 Nc3 18. Qd3 Nxe4 19. Nxe4 Qa5 20. Nf6+ Bxf6 21. exf6 Qf5 22. Qc3 e5 23. Bxe5 Nxe5 24. Qxe5 Qxe5 25. Nxe5 Be6 26. f4 Rac8 27. Rac1 Rfd8 28. Red1 h6 29. a3 Rxd1+ 30. Rxd1 g5 31. g3 Bxc4 32. Rd7 gxf4 33. gxf4 Be6 34. Rxb7 Rc1+ 35. Kf2 Rc2+ 36. Ke3 Rc3+ 37. Kd4 Rxa3 38. f5 Ra4+ 39. Kc5 Ra5+ 40. Kd6 Rd5+ 41. Ke7 Rxe5 42. fxe6 Rxe6+ 43. Kd7 a6 44. h4 Rxf6 45. h5 Kg7 46. Rb1 Rf5 47. Rh1 a5 48. Ke7 Re5+ 49. Kd6 Kf6 50. Rf1+ Rf5 51. Rh1 Rf4 52. Rg1 Rf5 53. Rh1 Kg5 54. Ke7 Rf4 55. Kf8 f5 56. Kg7 Rg4 57. Rc1 a4 58. Ra1 f4 59. Rxa4 Kxh5+ 60. Kf6 f3 61. Ra1 f2 62. Rh1+ Rh4 63. Rf1 Rf4+ 64. Ke5 Kg4 0-1

[Event "ROM-ch"]
[Site "Bucharest"]
[Date "1998.12.21"]
[Round "13"]
[White "Negulescu, Adrian"]
[Black "Ionescu, Constantin"]
[Result "1/2-1/2"]
[WhiteElo "2465"]
[BlackElo "2515"]
[PlyCount "121"]
[EventDate "1998.12.08"]
[Source "ChessBase"]
[SourceDate "1999.04.01"]

1. d4 Nf6 2. Nf3 e6 3. e3 c5 4. Be2 b6 5. O-O Bb7 6. c4 Be7 7. Nc3 cxd4 8. Nxd4 a6 9. Bf3 Ra7 10. Bxb7 Rxb7 11. e4 d6 12. Qa4+ Nfd7 13. Be3 O-O 14. Rac1 Rc7 15. Qb3 Qc8 16. Na4 Qb7 17. f3 Nc6 18. Nxc6 Rxc6 19. Qd1 Rfc8 20. b3 Bf6 21. Qd2 b5 22. cxb5 axb5 23. Nb2 Bc3 24. Qe2 d5 25. exd5 exd5 26. Nd1 d4 27. Nxc3 dxc3 28. b4 Rc4 29. a3 c2 30. Rfe1 h6 31. Bd2 Qd5 32. h3 Nf8 33. Be3 Ne6 34. Qf2 Qd3 35. Re2 Qxa3 36. Qe1 Qb2 37. Kh2 Kh7 38. Qd2 Rd8 39. Qe1 Qb3 40. Qf2 Rd3 41. f4 f5 42. Rce1 Nd4 43. Bxd4 Rdxd4 44. Re7 Re4 45. Rxg7+ Kxg7 46. Qa7+ Kf6 47. Qb6+ Ke7 48. Qb7+ Kd8 49. Ra1 Qa4 50. Rxa4 bxa4 51. Qb8+ Ke7 52. Qb7+ Kf8 53. Qb8+ Kf7 54. Qb7+ Ke6 55. Qb6+ Kd7 56. Qb5+ Kc7 57. Qa5+ Kc6 58. Qa8+ Kd7 59. Qd5+ Ke7 60. Qb7+ Kd6 61. Qb6+ 1/2-1/2

[Event "2e Open Cergy-Pontoise"]
[Site "Cergy"]
[Date "2004.05.16"]
[Round "8"]
[White "Apicella, Manuel"]
[Black "Abergel, Thal"]
[Result "0-1"]
[WhiteElo "2539"]
[BlackElo "2437"]
[PlyCount "98"]
[EventDate "2004.05.16"]
[Source "Roberto Alvarez"]
[SourceDate "2004.05.24"]

1. d4 Nf6 2. Nf3 e6 3. e3 c5 4. b3 b6 5. Bb2 Be7 6. Bd3 Bb7 7. O-O O-O 8. c4 d6 9. Nc3 cxd4 10. exd4 d5 11. Re1 Nc6 12. Rc1 Nb4 13. Bb1 dxc4 14. bxc4 Rc8 15. a3 Nc6 16. Qd3 Na5 17. Ne5 Nc6 18. Nb5 Nxe5 19. dxe5 Qxd3 20. Bxd3 Nd7 21. Nxa7 Ra8 22. Nb5 Nc5 23. Bc2 Bc6 24. Nc3 Rfc8 25. Red1 g6 26. f4 g5 27. f5 exf5 28. Bxf5 Ne6 29. Nd5 Bc5+ 30. Kh1 Kg7 31. Rd3 Rd8 32. Rcd1 b5 33. Nc7 Nf4 34. e6+ f6 35. Rd5 bxc4 36. Be4 Bxd5 37. Bxd5 Rab8 38. g3 Nxd5 39. e7 Bxe7 40. Ne6+ Kf7 41. Nxd8+ Rxd8 42. a4 c3 43. Bc1 Nb6 44. Rf1 Nxa4 45. Bxg5 c2 46. Kg2 Rd1 47. Bc1 Nc3 48. Bb2 Rxf1 49. Kxf1 Na2 0-1

[Event "EU Team Ch (Men)"]
[Site "Debrecen"]
[Date "1992.??.??"]
[Round "3"]
[White "Cramling, Pia"]
[Black "Izeta Txabarri, Felix"]
[Result "1/2-1/2"]
[WhiteElo "2530"]
[BlackElo "2445"]
[PlyCount "22"]
[EventDate "1992.11.??"]
[Source "www.chesslib.no"]
[SourceDate "2004.05.04"]

1. d4 e6 2. Nf3 Nf6 3. e3 c5 4. Bd3 d6 5. O-O Nbd7 6. c4 Be7 7. Nc3 cxd4 8. exd4 O-O 9. b3 Re8 10. Bb2 Bf8 11. Re1 b6 1/2-1/2

[Event "Villa Gesell"]
[Site "Villa Gesell"]
[Date "1996.??.??"]
[Round "7"]
[White "Hoffman, Alejandro"]
[Black "Milos, Gilberto"]
[Result "1/2-1/2"]
[WhiteElo "2410"]
[BlackElo "2565"]
[PlyCount "96"]
[EventDate "1996.03.??"]
[Source "ChessBase"]

1. d4 Nf6 2. Nf3 e6 3. e3 g6 4. c4 Bg7 5. Nc3 O-O 6. Be2 b6 7. O-O Bb7 8. Qc2 d6 9. b3 c5 10. Bb2 Nc6 11. Rad1 Qe7 12. Qb1 cxd4 13. exd4 d5 14. Rfe1 Na5 15. Nb5 Rfc8 16. Ba3 Qd8 17. Nd6 Rc7 18. c5 Ne4 19. Nb5 Rcc8 20. Nd2 Nxd2 21. Rxd2 Nc6 22. Nd6 Rcb8 23. Bb2 Bc8 24. Nxc8 Rxc8 25. a3 a5 26. Qd3 Rcb8 27. g3 Ra7 28. Rc1 Rab7 29. Bd1 Bh6 30. f4 Bg7 31. Qe2 h5 32. Qf2 bxc5 33. Rxc5 Qb6 34. f5 exf5 35. Rxd5 Ne7 36. Rc5 Nc8 37. Bc3 Ra7 38. Bf3 Nd6 39. Rc6 Qd8 40. d5 Bxc3 41. Rxc3 Rab7 42. Qe3 Qf6 43. Rdd3 h4 44. Qc1 Re7 45. Rc6 hxg3 46. hxg3 Rbe8 47. Kg2 g5 48. Rxd6 Qxd6 1/2-1/2